| 000 | 00556nam a2200229Ia 4500 | ||
|---|---|---|---|
| 005 | 20250425162029.0 | ||
| 008 | 250425s9999 xx 000 0 und d | ||
| 020 | _a968634652X | ||
| 041 | _aspa | ||
| 082 | _a005.78 | ||
| 100 | _aBELSERENE, RITA | ||
| 245 | 0 | _aARRANQUE RAPIDO CON WORDPERFECT 5.1 PARA WINDOWS | |
| 250 | _a1A ED. | ||
| 260 | _aMEXICO | ||
| 260 |
_aMéxico _bVENTURA _c1992 |
||
| 300 | _a141 | ||
| 650 | _aPROCESADORES DE PALABRAS | ||
| 650 | _aPROGRAMAS INFORMATICOS | ||
| 650 | _aWINDOWS | ||
| 942 | _c01 | ||
| 010 | _a41344 | ||
| 999 |
_c220970 _d220970 |
||